|
|
|
|
| LEADER |
01864nam a22003731 4500 |
| 001 |
45757 |
| 003 |
BD-DhAAL |
| 005 |
20260511174835.0 |
| 008 |
260511t1966 enkabh 000 0 eng |
| 010 |
|
|
|a 67071320
|
| 015 |
|
|
|a B66-22928
|
| 020 |
|
|
|a 9780140441857
|
| 035 |
|
|
|a 3591111
|
| 040 |
|
|
|a DLC
|c DLC
|d DLC
|d BD-DhAAL
|
| 041 |
1 |
|
|a eng
|a jpn
|
| 050 |
0 |
0 |
|a PL794.4
|b .A29
|
| 082 |
|
|
|a 895.6832
|2 23
|
| 100 |
1 |
|
|a Bashō,
|d 1644-1694.
|9 60624
|
| 245 |
1 |
4 |
|a The narrow road to the deep north and other travel sketches /
|c Basho ; translated from the Japanese with an introduction by Nobuyuki Yuasa ; advisory editor Betty Radice.
|
| 246 |
|
3 |
|a The narrow road to the deep north
|
| 260 |
|
|
|a London :
|b Penguin Books,
|c 1966.
|
| 300 |
|
|
|a 167 pages :
|b illus., maps, facsim., diagrams ;
|c 18 cm
|
| 490 |
1 |
|
|a Penguin classics,
|v L185
|
| 526 |
8 |
|
|a AAL
|
| 541 |
1 |
|
|a Donated by Embassy of Japan in Bangladesh, Read Japan Project 2025, The Tokyo Foundation, supported by The Nippon Foundation.
|e 45757
|
| 600 |
1 |
0 |
|a Matsuo, Bashō,
|d 1644-1694
|x Translations into English.
|9 60625
|
| 650 |
|
0 |
|a Voyages and travels
|v Early works to 1800.
|9 60626
|
| 700 |
1 |
|
|a Yuasa, Nobuyuki.
|9 60627
|
| 700 |
1 |
|
|a Radice, Betty.
|9 60628
|
| 830 |
|
0 |
|a Penguin classics,
|v L185
|
| 852 |
1 |
|
|a Ayesha Abed Library
|c General Stacks
|
| 942 |
|
|
|2 ddc
|c BK
|
| 999 |
|
|
|c 47920
|d 47920
|
| 952 |
|
|
|0 0
|1 0
|2 ddc
|4 0
|6 895_683200000000000_BAS
|7 0
|9 79177
|a BRACUL
|b BRACUL
|d 2026-05-11
|e Donated by Embassy of Japan in Bangladesh, Read Japan Project 2025, The Tokyo Foundation, supported by The Nippon Foundation.
|g 2815.00
|l 0
|o 895.6832 BAS
|p 3010045757
|r 2026-05-11
|t 1
|v 41630.00
|w 2026-05-11
|y BK
|x Donated copy received from Embassy of Japan in Bangladesh, Read Japan Project 2025, The Tokyo Foundation, supported by The Nippon Foundation on 08 April 2026; $23.00 (11.05.2026) Price are available in the book.
|